|
|
|
|
| LEADER |
00554nam a22001577a 4500 |
| 008 |
140827b xxu||||| |||| 00| 0 hin d |
| 020 |
|
|
|a 8170557887
|c INR300.00
|
| 100 |
|
|
|a Kumar Suresh Singh
|
| 245 |
|
|
|a Birsa munda aur unka aandholan:
|c Kumar Suresh Singh
|b (1872-1901) /
|
| 260 |
|
|
|a New Delhi:
|b Vani Prakashan,
|c c2001.
|
| 300 |
|
|
|a 351p.
|
| 546 |
|
|
|a In Hindi.
|
| 650 |
|
0 |
|a Dalit - Alochana
|
| 942 |
|
|
|2 ddc
|c BK
|
| 999 |
|
|
|c 243696
|d 243696
|
| 952 |
|
|
|0 0
|1 0
|4 0
|6 S_66
|7 0
|9 270303
|a HIN
|b HIN
|c S-66
|d 2012-04-28
|g 300.00
|i 17968
|l 0
|o S-66
|p HIN17968
|r 2014-02-07
|w 2018-08-23
|y BK
|